00690cam a22002171 4500001001300000003000400013005001700017008004100034010001700075035002000092040003700112042001200149050002000161100002900181245004800210260005400258300001900312500006900331500005700400999001500457af 48002752 DLC20260227110857.0890404s1942 gw 000 0 ger c aaf 48002752  a(OCoLC)19494985 aCalifornia. Univ. Libr.cCUdDLC apremarc00aPT2617.O293bW41 aHoerschelmann, Fred von.10aWendische Nacht,bSchauspiel in vier Akten. aBerlin,bG. Kiepenheuer Bühnenvertrieb,cc1942. a128 p.c20 cm. a"Uraufgeführt am 26. Februar 1942 am Stadttheater in Hamburg." a"Als unverkäufliches Manuskript vervielfältigt." c5194d5194